Tennisti con più partite vinte sul Sintetico - Statistics

Statistiche generali
  • Questo quiz è stato fatto 3 volte
  • Il punteggio medio è 3 su 9
Statistiche sulle risposte
Nazione Numero vittorie sul sintetico Tennista % Corretto
Stati Uniti 349 John McEnroe
100%
Germania Ovest / Germania 258 Boris Becker
67%
Cecoslovacchia / Stati Uniti 259 Ivan Lendl
67%
Stati Uniti 392 Jimmy Connors
67%
Stati Uniti 286 Arthur Ashe
0%
Stati Uniti 216 Brian Gottfried
0%
Romania 223 Ilie Năstase
0%
Australia 208 Rod Laver
0%
Stati Uniti 205 Stan Smith
0%
Nessun quiz corrispondente trovato
Distribuzione punteggi
Percentuale di utenti per punteggio
Percentile per numero di risposta
I tuoi punteggi nel tempo
Non hai fatto questo quiz